PC-prostorové modelování /

Salvato in:
Dettagli Bibliografici
Autore principale: Pelikán, Josef (Autore)
Natura: Libro
Lingua:ceco
Pubblicazione: Praha : Grada, 1992
Serie:Educa '99
Tags: Aggiungi Tag
Nessun Tag, puoi essere il primo ad aggiungerne!!

MARC

LEADER 00000nam a22000003a 4500
001 stu20868
005 20150617225750.3
008 921123s1992----cs------------------cze-d
020 |a 80-85424-53-3 
040 |a STU  |b slo 
041 0 |a cze 
044 |a cs 
080 |a 681.3.06 
100 1 |a Pelikán, Josef  |4 aut 
245 1 |a PC-prostorové modelování /  |c [aut.]Pelikán,Josef 
260 |a Praha :  |b Grada,  |c 1992 
300 |a 144 s :  |b Obr.,tab.,grafy,lit.,index 
830 0 |a Educa '99 
996 |b CB1656  |c C*B1656  |l CCXVIII  |s P  |a 0  |w stu20868_0001